ბათუმის შოთა რუსთაველის სახელმწიფო უნივერსიტეტის ბიბლიოთეკა

წმინდა ილია მართალი. (ბიბ.ჩანაწერი № 40689)

000 -LEADER
fixed length control field 00816nam a2200229Ia 4500
001 - CONTROL NUMBER
control field 7324
003 - CONTROL NUMBER IDENTIFIER
control field GE_BSU
008 - FIXED-LENGTH DATA ELEMENTS--GENERAL INFORMATION
fixed length control field 181216s||||||||xx |||||||||||||| ||und||
020 ## - INTERNATIONAL STANDARD BOOK NUMBER
International Standard Book Number 9789941211218
040 ## - CATALOGING SOURCE
Transcribing agency GE_BSU
080 ## - UNIVERSAL DECIMAL CLASSIFICATION NUMBER
Universal Decimal Classification number 821.353.1.092+37-36(479.22)
245 ## - TITLE STATEMENT
Title წმინდა ილია მართალი.
245 ## - TITLE STATEMENT
Statement of responsibility, etc. შემდგ.: სოფიო თავაძე; პროექტის რედ.: თამარ მამაცაშვილი.
250 ## - EDITION STATEMENT
Edition statement საქართველოს იმედი წ. 18. ISSN: 22980547.
260 ## - PUBLICATION, DISTRIBUTION, ETC.
Place of publication, distribution, etc. თბილისი.
260 ## - PUBLICATION, DISTRIBUTION, ETC.
Name of publisher, distributor, etc. პალიტრა L.
260 ## - PUBLICATION, DISTRIBUTION, ETC.
Date of publication, distribution, etc. 2013.
300 ## - PHYSICAL DESCRIPTION
Extent 207 გვ.; 20 სმ.
653 ## - INDEX TERM--UNCONTROLLED
Uncontrolled term წმინდა ილია მართალი.
942 ## - ADDED ENTRY ELEMENTS (KOHA)
Koha item type წიგნი
ეგზემპლარები
Withdrawn status Lost status Damaged status Not for loan Date acquired Barcode Date last seen Price effective from Koha item type
        2018-12-17 18659 2018-12-17 2018-12-17 წიგნი